000 01108nam0a2200325 4500
001 RU\NLR\BIBL_A\022594826
005 20260420051529.0
010 _a978-5-378-35419-1
_94000
021 _aRU
_bКН-П-25-033673
_9КН-П-25-3329
035 _a(NLR Aleph) 022594826
090 _a13680056
_c13680056
100 _a20250801d2025 d y0rusy50 ca
101 0 _arus
102 _aRU
105 _aao z 000ay
181 0 _ai3
_baxxe
182 0 _an
200 1 _aМелодия первой любви
_e[для детей среднего школьного возраста]
_fАнна Зимова
203 _aТекст
_bвизуальный
_cнепосредственный
210 _aРостов-на-Дону
_cПроф-Пресс
_d2025 (печ. 2024)
215 _a269, [1] с.
_cил.
_d21
225 1 _aРоман для девочек
333 _a6+
686 0 _aШ9(2)62=Р7-4
700 1 _aЗимова
_bА.
_gАнна
942 _cBOOK
980 _aNB